Người giàu có nhất thành Babylon = The richest man in Babylon : Cuốn sách về cách làm giàu hiệu quả nhất của mọi thời đại

Cuốn sách này giúp bạn biết cách vận dụng những nguyên lý quan trọng để phát triển tài chính và có một cuộc sống cân bằng để có thể phát triển tiềm năng của bản thân trong các lĩnh vực khác của cuộc sống....

Cur síos iomlán

Đã lưu trong:
Sonraí Bibleagrafaíochta
Príomhúdar: Clason, George S.
Údair Eile: Võ Hưng Thanh (Dịch)
Formáid: Leabhar
Teanga:Vietnamese
Foilsithe: Tp. Hồ Chí Minh Tổng hợp Tp. Hồ Chí Minh 2019
Eagrán:Tái bản lần thứ 13
Ábhair:
Clibeanna: Cuir Clib Leis
Gan Chlibeanna, Bí ar an gcéad duine leis an taifead seo a chlibeáil!
Thư viện lưu trữ: Thư viện Trường Đại học Nam Cần Thơ
LEADER 01495nam a22002297a 4500
001 NCT_67588
008 190904b xxu||||| |||| 00| 0 vie d
999 |c 3267  |d 3267 
020 |a 9786045886304  |c 58000 
082 0 4 |2 23rd ed.  |a 332.024  |b C263 
100 1 |a Clason, George S. 
245 1 0 |a Người giàu có nhất thành Babylon =   |b The richest man in Babylon : Cuốn sách về cách làm giàu hiệu quả nhất của mọi thời đại  |c George S. Clason ; Võ Hưng Thanh (dịch) 
250 |a Tái bản lần thứ 13 
260 |a Tp. Hồ Chí Minh  |b Tổng hợp Tp. Hồ Chí Minh  |c 2019 
300 |a 190 tr.  |b minh họa  |c 21cm 
520 3 |a Cuốn sách này giúp bạn biết cách vận dụng những nguyên lý quan trọng để phát triển tài chính và có một cuộc sống cân bằng để có thể phát triển tiềm năng của bản thân trong các lĩnh vực khác của cuộc sống. 
653 |a Sách tham khảo 
700 1 |a Võ Hưng Thanh   |e Dịch 
942 |2 ddc  |c BK 
952 |0 0  |1 0  |2 ddc  |4 0  |6 332_024000000000000_C263  |7 0  |9 17566  |a 000001  |b 000001  |d 2019-09-04  |o 332.024 C263  |p TK.01625  |r 2019-09-04  |v 58000.00  |w 2019-09-04  |y BK 
952 |0 0  |1 0  |2 ddc  |4 0  |6 332_024000000000000_C263  |7 0  |9 17567  |a 000001  |b 000001  |d 2019-09-04  |l 1  |o 332.024 C263  |p TK.01626  |r 2020-07-14  |s 2020-06-17  |v 58000.00  |w 2019-09-04  |y BK 
980 |a Thư viện Trường Đại học Nam Cần Thơ